| Tag |
First Indicator |
Second Indicator |
Subfields |
| LEADER |
00000cam a2200000 i 4500 |
| 001 |
in00000055489 |
| 005 |
20151008052238.0 |
| 008 |
791120s1978 flua b 10110 eng |
| 010 |
|
|
|a 78054584
|
| 020 |
|
|
|a 0883721066
|
| 035 |
|
|
|a (OCoLC)05799840
|
| 035 |
|
|
|9 AAH2423AM
|
| 040 |
|
|
|a DLC
|c DLC
|d TXA
|d UtOrBLW
|
| 041 |
0 |
|
|a eng
|a fre
|
| 049 |
|
|
|a TXAM
|c [1497393]
|
| 050 |
0 |
0 |
|a GV565
|b .I57 1976, bk. 3
|a QP301
|
| 082 |
0 |
|
|a 613.7 s
|a 612/.744
|
| 111 |
2 |
|
|a International Symposium on Biochemistry of Exercise
|n (3d :
|d 1976 :
|c Quebec, Quebec)
|
| 245 |
1 |
0 |
|a 3rd International Symposium on Biochemistry of Exercise :
|b regulatory mechanisms in metabolism during exercise = 3e [as printed] Symposium international sur la biochimie de leffort : le metabolisme au cours de leffort physique et ses mecanismes de controle /
|c compiled and edited by Fernand Landry, William A. R. Orban.
|
| 246 |
3 |
1 |
|a 3e [i.e. troisieme] Symposium international sur la biochimie de leffort
|
| 264 |
|
1 |
|a Miami, Fla. :
|b Symposia Specialists,
|c [1978]
|
| 264 |
|
4 |
|c ©1978
|
| 300 |
|
|
|a xxiii, 389, xxv-xxx pages :
|b illustrations ;
|c 24 cm.
|
| 336 |
|
|
|a text
|b txt
|2 rdacontent
|
| 337 |
|
|
|a unmediated
|b n
|2 rdamedia
|
| 338 |
|
|
|a volume
|b nc
|2 rdacarrier
|
| 490 |
1 |
|
|a A Collection of the formal papers presented at the International Congress of Physical Activity Sciences = Recueil des communication presentees dans le cadre du Congres international des sciences de l'activite physique ; book 3
|
| 490 |
1 |
|
|a Sports sciences collection = Collection sciences de l'activite phsique = Sportwissenchaftliche Reihe = Nauchnaia seriia o fizicheskoi kulture i o sporte = Coleccion ciencias del deporte = Supotsu kagaku sosho
|
| 500 |
|
|
|a English or French.
|
| 504 |
|
|
|a Includes bibliographies and indexes.
|
| 650 |
|
0 |
|a Exercise
|x Physiological aspects
|v Congresses.
|
| 650 |
|
0 |
|a Metabolism
|x Regulation
|x Congresses.
|
| 650 |
|
0 |
|a Biochemistry
|v Congresses.
|
| 700 |
1 |
|
|a Landry, Fernand.
|
| 700 |
1 |
|
|a Orban, William Andrew Robert,
|d 1922-
|
| 811 |
2 |
|
|a International Congress of Physical Activity Sciences
|d (1976 :
|c Québec, Québec).
|t Collection of the formal papers presented at the International Congress of Physical Activity Sciences ;
|v book 3.
|
| 830 |
|
0 |
|a Sports sciences collection.
|
| 999 |
|
|
|a MARS
|
| 999 |
f |
f |
|s 4abf6222-bc8e-3052-9d83-fd8ab378d724
|i c40f0890-33a2-3d0b-b7d3-884fa7acb00a
|t 0
|
| 952 |
f |
f |
|p ric
|a Texas A&M University
|b Rellis Campus
|c Joint Library Facility
|d Remote Storage
|t 0
|e GV565 .I57 1976, bk. 3
|h Library of Congress classification
|i unmediated -- volume
|m A14802464419
|
| 998 |
f |
f |
|a GV565 .I57 1976, bk. 3
|t 0
|l Remote Storage
|